Dastan-e-Shujat / (Record no. 525284)

000 -LEADER
fixed length control field 00466nam a22001817a 4500
003 - CONTROL NUMBER IDENTIFIER
control field NUST
020 ## - INTERNATIONAL STANDARD BOOK NUMBER
International Standard Book Number 9789695930250
038 ## - RECORD CONTENT LICENSOR
Staff Name waseem
082 ## - DEWEY DECIMAL CLASSIFICATION NUMBER
Classification number 923.5
Author Mark LAB
100 ## - MAIN ENTRY--PERSONAL NAME
Personal name Labib, Adnan
9 (RLIN) 16023
245 ## - TITLE STATEMENT
Title Dastan-e-Shujat /
Statement of responsibility, etc. Adnan Labib
260 ## - PUBLICATION, DISTRIBUTION, ETC.
Place of publication, distribution, etc. Lahore :
Name of publisher, distributor, etc. Sanjh Publications,
Date of publication, distribution, etc. 2011.
300 ## - PHYSICAL DESCRIPTION
Extent 290 p. ;
500 ## - GENERAL NOTE
General note Hardcover.
880 ## - ALTERNATE GRAPHIC REPRESENTATION
Linkage 100-01\r
Title عدنان لبیب
880 ## - ALTERNATE GRAPHIC REPRESENTATION
Linkage 245-02\r
Title داستانِ شجاعت /
942 ## - ADDED ENTRY ELEMENTS (KOHA)
Source of classification or shelving scheme
Koha item type Book
Holdings
Withdrawn status Lost status Source of classification or shelving scheme Damaged status Not for loan Permanent Location Current Location Shelving location Date acquired Total Checkouts Full call number Barcode Date last seen Price effective from Koha item type
          Central Library (CL) Central Library (CL) Urdu Literature 06/30/2019   923.5 LAB CL-E-738 06/30/2019 06/30/2019 Book
          Central Library (CL) Central Library (CL) Urdu Literature 06/22/2022   923.5 LAB CL3385 06/22/2022 06/22/2022 Book
© 2023 Central Library, National University of Sciences and Technology. All Rights Reserved.